[Event "San Roque"]
[Site "San Roque"]
[Date "1996.??.??"]
[Round "1"]
[White "Izeta Txabarri, Felix"]
[Black "Campora, Daniel H"]
[Result "1/2-1/2"]
[WhiteElo "2470"]
[BlackElo "2540"]

1.d4 Nf6 2.Nf3 e6 3.c4 b6 4.g3 Ba6 5.b3 Bb4+ 6.Bd2 Be7 7.Bg2 O-O 8.O-O d5
9.Ne5 c6 10.Bc3 Nfd7 11.Nxd7 Nxd7 12.Nd2 Rc8 13.e4 b5 14.Re1 dxc4 15.bxc4 bxc4
16.Qa4 Bb5 17.Qc2 Ba3 18.Nxc4 Bxc4 19.Qa4 Qe7 20.Qxc4 c5 21.d5 Bb4 22.dxe6 Qxe6
23.Qxe6 fxe6 24.Rac1 Nb6 25.Bh3 Kf7 26.Re3 Rg8 27.a3 Bxc3 28.Rexc3 Nd7 29.Bf1 Rb8
30.a4 Rb4 31.Rd1 Nf6 32.Rxc5 Rxa4 33.e5 Nd5 34.Bc4 Rd8 35.Bxd5 Rxd5 36.Rdxd5 exd5
37.Rxd5 Ke6 38.Rb5 g5 39.Rb7 h5 40.Rg7 Kf5 41.e6 Re4 42.Rxa7 Rxe6 43.Kg2 Kg6
44.Ra4 Rb6 45.h4 g4 46.Kf1 Re6 47.Ra3 Kf5 48.Re3 Ra6 49.Rc3 Re6 50.Rd3 Kg6
51.Re3 Ra6 52.Re5 Ra1+ 53.Ke2 Ra2+ 54.Kf1 Ra1+ 55.Re1 Rxe1+ 56.Kxe1 Kf5  1/2-1/2

[Event "Sas van Gent"]
[Site "Sas van Gent"]
[Date "1996.??.??"]
[Round "1"]
[White "De Wolf, Johan"]
[Black "Motwani, Paul"]
[Result "1/2-1/2"]
[WhiteElo "2275"]
[BlackElo "2490"]

1.d4 Nf6 2.Nf3 e6 3.c4 b6 4.g3 Ba6 5.b3 Bb4+ 6.Bd2 Be7 7.Bg2 d5 8.Ne5 O-O
9.O-O Bb7 10.Bc3 Na6 11.Nd2 c5 12.e3 Qc7 13.Qe2 Rac8 14.dxc5 Nxc5 15.Ng4 Nfe4
16.Be5 Qc6 17.Nxe4 Nxe4 18.f3 Nd6 19.cxd5 exd5 20.Bb2 Qc2 21.Rf2 Qxe2 22.Rxe2 f6
23.Nf2 Kf7 24.Bh3 Rc7 25.Rc1 Rxc1+ 26.Bxc1 Rd8 27.Ba3 Nb5 28.Bxe7 Kxe7 29.a4 Nc7
30.Rc2 Kd6 31.Nd3 a5 32.Nf4 Re8 33.Kf2 Na6 34.Ne2 Nc5 35.Nd4 g6 36.Bf1 Rc8
37.Nb5+ Ke7 38.Nd4 Ne6 39.Rxc8 Bxc8 40.Bd3 Kd6 41.Ke2 Kc5 42.Nc2 f5 43.h4 d4
44.Kd2 Bb7 45.exd4+ Nxd4 46.Nxd4 Kxd4 47.f4 Bd5 48.Bc2 Be6 49.Bd1 Bf7 50.Bc2 Bd5
51.Bd1 Be4 52.Be2 Bd5 53.Bd1 Ke4 54.Ke2 h6 55.Bc2+ Kd4 56.Kd2 Be6 57.Bd1 Bf7
58.Bc2 h5 59.Bd1 Ke4 60.Ke2 Be8 61.Bc2+ Kd4 62.Kd2 b5 63.axb5 Bxb5 64.Bb1 Bc6
65.Bd3 Be8 66.Bb1 Bf7 67.Bc2 Bd5 68.Bd1 Bc6 69.Bc2 Be4 70.Bd1 Bd3 71.Bf3 Bb5
72.Bb7 Bd7 73.Bf3 Be8 74.Bd1 Ke4 75.Ke2 Bb5+ 76.Kd2 Ba6 77.Be2 Bc8 78.Bd1 Bd7
79.Ke2 Bb5+  1/2-1/2

[Event "Sas van Gent"]
[Site "Sas van Gent"]
[Date "1996.??.??"]
[Round "6"]
[White "Vanderstricht, Geert"]
[Black "Motwani, Paul"]
[Result "1/2-1/2"]
[WhiteElo "2230"]
[BlackElo "2490"]

1.d4 Nf6 2.c4 e6 3.Nf3 b6 4.g3 Ba6 5.b3 Bb4+ 6.Bd2 Be7 7.Bg2 d5 8.O-O O-O
9.Ne5 Bb7 10.Nc3 Na6 11.cxd5 exd5 12.Bf4 Re8 13.a3 c6 14.b4 Nc7 15.Qb3 Ne6
16.Rfd1 a6 17.a4 Bd6 18.Ra2 Qe7 19.b5 axb5 20.axb5 Nxd4 21.Rxd4 Rxa2 22.Qxa2 Bxe5
23.bxc6 Bxd4 24.cxb7 Qxb7 25.Nxd5 Nxd5 26.Bxd5 Qe7 27.Qc4 Bc5 28.e4 h6 29.Kg2 Rd8
30.h4 Qd7 31.Be5 Kh7 32.Bb2 f6 33.Bc1 Qg4  1/2-1/2

[Event "Sas van Gent"]
[Site "Sas van Gent"]
[Date "1996.??.??"]
[Round "7"]
[White "De Wolf, Johan"]
[Black "Krays, Alexander"]
[Result "0-1"]
[WhiteElo "2275"]
[BlackElo "2400"]

1.d4 Nf6 2.Nf3 e6 3.c4 b6 4.g3 Ba6 5.b3 Bb4+ 6.Bd2 Be7 7.Bg2 c6 8.O-O d5
9.Ne5 Nfd7 10.Nxd7 Nxd7 11.Bc3 f5 12.Nd2 h5 13.b4 b5 14.cxd5 cxd5 15.Nb3 h4
16.Nc5 Nxc5 17.dxc5 Bf6 18.Qd3 Kf7 19.Rfd1 Qe8 20.Bxf6 gxf6 21.Qa3 Bb7 22.Qa5 Bc6
23.Rd3 Rh7 24.Rb1 a6 25.Ra3 Kf8 26.Rbb3 Rg7 27.Rf3 d4 28.Rf4 Bxg2 29.Kxg2 Qc6+
30.Raf3 Rg4 31.Qb6 Qxb6 32.cxb6 Ke7 33.Ra3 Rxf4 34.gxf4 Kd7 35.Rd3 e5 36.e3 Kc6
37.fxe5 fxe5 38.exd4 e4 39.Rc3+ Kxb6 40.f3 Rd8 41.fxe4 fxe4 42.Kh3 Rxd4 43.Kxh4 Rxb4
44.Kg3 Rc4 45.Rxc4 bxc4 46.Kf4 c3 47.Ke3 Kc6 48.h4 Kd5 49.h5 Ke5 50.h6 Kf6  0-1

[Event "DLM U20"]
[Site "Schoeneck"]
[Date "1996.??.??"]
[Round "5"]
[White "Fuhrmann, Daniel"]
[Black "Schmidt, Jan Peter"]
[Result "1/2-1/2"]
[WhiteElo "2265"]
[BlackElo "2205"]

1.d4 Nf6 2.c4 e6 3.Nf3 b6 4.g3 Ba6 5.b3 Bb7 6.Bg2 Bb4+ 7.Bd2 c5 8.O-O O-O
9.Bc3 Na6 10.Bb2 cxd4 11.Qxd4 Be7 12.Nc3 Qc7 13.Rad1 Rfd8 14.Nb5 Qb8 15.Nd6 Bxd6
16.Qxd6 Qxd6 17.Rxd6 Ne4 18.Rd4 d5 19.cxd5 Bxd5 20.Ne5 Nac5 21.Rfd1 Rdc8
22.Ba1 Nf6 23.Ng4 Nce4 24.Ne3 Bc6 25.Nc4 h6 26.f3 Nc5 27.e4 Rc7 28.Bb2 Rd7
29.Ne5 Rxd4 30.Bxd4 Be8 31.Bxc5 bxc5 32.Bf1 a5 33.Rc1 Rc8 34.Nc4 Nd7 35.Nd6 Rb8
36.Nxe8 Rxe8 37.Bb5 Re7 38.Rd1 Ne5 39.f4 Rb7 40.Rd8+ Kh7 41.Be2 Nc6 42.Rc8 Nd4
43.Bc4  1/2-1/2

[Event "SLO-chT sf"]
[Site "SLO"]
[Date "1996.??.??"]
[Round "3"]
[White "Stupica, Janesz"]
[Black "Justin, Matijaz"]
[Result "1-0"]
[WhiteElo "2305"]
[BlackElo "2395"]

1.d4 Nf6 2.Nf3 e6 3.c4 b6 4.g3 Ba6 5.b3 b5 6.cxb5 Bxb5 7.Bg2 c5 8.O-O Bc6
9.Nc3 a5 10.Bg5 cxd4 11.Qxd4 Be7 12.e4 d6 13.e5 dxe5 14.Qxd8+ Bxd8 15.Nxe5 Bxg2
16.Kxg2 h6 17.Be3 Be7 18.Rac1 O-O 19.Na4 Nd5 20.Bc5 Bxc5 21.Rxc5 Rd8 22.Nc4 Nb4
23.a3 N4c6 24.Rc1 Ra6 25.Ncb6 Rd6 26.b4 axb4 27.axb4 Ne7 28.Rc8+ Nxc8 29.Rxc8+ Kh7
30.Rxb8 Rd4 31.Nc5 Ra2 32.Nbd7 h5 33.Ne5 f6 34.Nf3 Rc4 35.Ne1 e5 36.h4 e4
37.Re8 Ra1 38.Nxe4 Rxe1 39.Nxf6+ gxf6 40.Rxe1 Rxb4 41.Kf3 Kg6 42.Re4 Rb2
43.Ke3 Kf5 44.Rd4 Rb3+ 45.Rd3 Rb5 46.f3 Re5+ 47.Kf2 Ra5 48.Rd4 Ra2+ 49.Ke3 Ra3+
50.Rd3 Ra5 51.Rc3 Re5+ 52.Kd4 Re1 53.Rc5+ Kg6 54.Rc8 Re2 55.Rh8 Re1 56.Kd3 Re7
57.g4 hxg4 58.fxg4 Re1 59.Rg8+ Kf7 60.Rc8 Rh1 61.Ke4 Rxh4 62.Kf5 Rh6 63.Rc7+ Kg8
64.Rc6 Kf7 65.g5 Rh1 66.Rc7+ Ke8 67.Kxf6 Rf1+ 68.Kg7 Rg1 69.g6 Rg2 70.Rc5 Re2
71.Rf5 Re1 72.Kh6 Ke7 73.Kg7 Re2 74.Kg8 Ke6 75.Rf4 Ke7 76.g7 Re1 77.Rh4 Rg1
78.Kh8  1-0

[Event "Rudenko mem"]
[Site "St Petersburg"]
[Date "1996.??.??"]
[Round "2"]
[White "Sidorova, Elena"]
[Black "Kulish, Irina"]
[Result "1/2-1/2"]
[WhiteElo "2085"]
[BlackElo "2260"]

1.d4 Nf6 2.c4 e6 3.Nf3 b6 4.g3 Ba6 5.Qb3 Nc6 6.Bd2 Bb7 7.d5 exd5 8.cxd5 Ne7
9.d6 cxd6 10.Nc3 d5 11.Bg2 Ne4 12.O-O Nc5 13.Qc2 a6 14.Rfd1 Rc8 15.Nd4 Ne4
16.Rac1 g6 17.Qd3 Nxd2 18.Qxd2 Bg7 19.e3 O-O 20.Nde2 Rc5 21.b4 Rc7 22.Nxd5 Rxc1
23.Rxc1 Nc6 24.Nef4 Ba8 25.Qe2 b5 26.Nd3 Re8 27.Nc5 Nb8 28.Rd1 Bc6 29.Qd3 Qc8
30.Nb6 Qc7 31.Nd5 Qa7 32.Nf4 a5 33.Bxc6 dxc6 34.a3 axb4 35.axb4 h6 36.Ne2 Bf6
37.Nd4 Rd8 38.Qb3 Qe7 39.Ne2 Rxd1+ 40.Qxd1 Qe4 41.Qd2 Qb1+ 42.Kg2 Qb2 43.Qd6  1/2-1/2

[Event "Petrov mem"]
[Site "St Petersburg"]
[Date "1996.??.??"]
[Round "4"]
[White "Tunik, Gennady"]
[Black "Biriukov, Oleg V"]
[Result "1/2-1/2"]
[WhiteElo "2475"]
[BlackElo "2330"]

1.d4 Nf6 2.c4 e6 3.Nf3 b6 4.g3 Ba6 5.b3 Bb4+ 6.Bd2 Be7 7.Bg2 c6 8.O-O d5
9.Ne5 Nfd7 10.Nxd7 Nxd7 11.Bc3 O-O 12.Nd2 Rc8 13.e4 c5 14.exd5 exd5 15.dxc5 dxc4
16.c6 cxb3 17.Re1 Bb5 18.axb3 Bxc6 19.Bxc6 Rxc6 20.Rxa7 Bf6 21.Ne4 Bxc3 22.Rxd7 Qc8
23.Re3 Bb4 24.Qd5 Rc7 25.Rxc7 Qxc7 26.Rd3 Qe7 27.Rd4 g6 28.Rc4 Rd8 29.Qc6 Bc5
30.Kg2 Bd4 31.h4 h5 32.Rc2 Qd7 33.Qxd7 Rxd7 34.Rc6 Kg7 35.f4 f5 36.Ng5 Bc5
37.Nf3 Rd6 38.Rc7+ Kg8 39.Rb7 Rd3 40.b4 Bxb4 41.Rxb6 Bd6 42.Rb7 Bc5 43.Rc7 Bb4
44.Ne5 Rd6 45.Kf3 Re6 46.Rc8+ Kg7 47.Rc7+ Kg8 48.Ke3 Be1 49.Kf3 Bb4  1/2-1/2

[Event "Rudenko mem"]
[Site "St Petersburg"]
[Date "1996.??.??"]
[Round "4"]
[White "Rakitskaja, M."]
[Black "Kulish, Irina"]
[Result "1/2-1/2"]
[WhiteElo "2100"]
[BlackElo "2260"]

1.d4 Nf6 2.c4 e6 3.Nf3 b6 4.g3 Ba6 5.b3 Bb4+ 6.Bd2 Be7 7.Bg2 c6 8.Bc3 d5
9.Ne5 Nfd7 10.Nxd7 Nxd7 11.Nd2 f5 12.e3 Nf6 13.a4 O-O 14.O-O Bd6 15.b4 Rc8
16.Qb3 Ne4 17.b5 Nxc3 18.bxa6 Ne4 19.Ra2 Qe7 20.f4 Kh8 21.Nxe4 dxe4 22.a5 Rb8
23.axb6 Rxb6 24.Qc2 c5 25.Rb1 Rfb8 26.Rab2 Bc7 27.Bf1 Qd6 28.Rb5 Rxb5 29.cxb5 cxd4
30.Rc1 Bb6 31.exd4 Qxd4+ 32.Kg2 Rd8 33.Bc4 e5 34.fxe5 Qxe5 35.Rd1 Rc8 36.Qe2 Qc5
37.Be6 Rd8 38.Bd7 Rf8 39.Bc6 Qe5 40.Rd5 Qf6 41.Rd7 h6 42.Qd2 e3 43.Qe2 f4
44.g4 Qe5 45.Kf3 Qa1 46.Qd1 Qf6 47.Qd6 Qxd6 48.Rxd6 Rd8 49.Rxd8+ Bxd8 50.Be4 g5
51.Bd3 Kg7 52.Be2 Kf6 53.Ke4 Ke6 54.Kd4 Bb6+ 55.Ke4 Bc7 56.Kd4  1/2-1/2

[Event "Petrov mem"]
[Site "St Petersburg"]
[Date "1996.??.??"]
[Round "5"]
[White "Terekhov, Andrey"]
[Black "Tunik, Gennady"]
[Result "0-1"]
[WhiteElo "2315"]
[BlackElo "2475"]

1.d4 Nf6 2.c4 e6 3.Nf3 b6 4.g3 Ba6 5.Qa4 Bb7 6.Bg2 c5 7.dxc5 Bxc5 8.O-O O-O
9.Nc3 Be7 10.Rd1 Na6 11.Be3 Qc8 12.Rac1 Nc5 13.Qc2 Nce4 14.Bd4 Rd8 15.Ne1 Nxc3
16.Qxc3 Bxg2 17.Nxg2 Qb7 18.f3 Rac8 19.Qb3 Rc6 20.e4 Rdc8 21.Ne3 d6 22.a4 Qc7
23.Qd3 Nd7 24.b3 Bf6 25.Bxf6 Nxf6 26.Rc2 Nd7 27.Rcd2 Nc5 28.Qb1 Qe7 29.Kf2 h6
30.Rd4 Nb7 31.e5 Qc7 32.exd6 Rxd6 33.Rxd6 Nxd6 34.Qd3 Rd8 35.Kg2 Nb7 36.Qc2 a5
37.Rxd8+ Qxd8 38.Qc3 Nc5 39.b4 Nxa4 40.Qc2 axb4 41.Qxa4 Qd2+ 42.Kh3 Qxe3
43.Qxb4 Qxf3 44.Qxb6 Qf1+ 45.Kh4 g5+ 46.Kg4 Qf5+  0-1

[Event "St Petersburg-ch"]
[Site "St Petersburg"]
[Date "1996.??.??"]
[Round "6"]
[White "Nepomnishay, Mikhail I"]
[Black "Aseev, Konstantin N"]
[Result "1/2-1/2"]
[WhiteElo "2480"]
[BlackElo "2560"]

1.d4 Nf6 2.c4 e6 3.Nf3 b6 4.g3 Ba6 5.Nbd2 c5 6.e4 cxd4 7.e5 Ng4 8.Bg2 Nc6
9.O-O Rc8 10.Qa4 Bb7 11.h3 Nh6 12.Nxd4 Nxd4  1/2-1/2

[Event "RUS-Cup1 Chigorin mem"]
[Site "St Petersburg"]
[Date "1996.??.??"]
[Round "7"]
[White "Tunik, Gennady"]
[Black "Brodsky, Michail"]
[Result "1/2-1/2"]
[WhiteElo "2440"]
[BlackElo "2510"]

1.d4 Nf6 2.c4 e6 3.Nf3 b6 4.g3 Ba6 5.b3 Bb4+ 6.Bd2 Be7 7.Bg2 d5 8.cxd5 exd5
9.O-O O-O 10.Nc3 Bb7 11.Qc2 Na6 12.Rad1 Re8 13.Bg5 Ne4 14.Bxe7 Qxe7 15.Nxe4 dxe4
16.Ne5 Nb4 17.Qb2 f6 18.Nc4 a5 19.Rc1 Nd5 20.a3 Ra7 21.e3 Kh8 22.Rfe1 b5
23.Nd2 b4 24.Nxe4 bxa3 25.Qa1 Nb4 26.Nc5 Bxg2 27.Kxg2 Rb8 28.e4 a2 29.Qc3 c6
30.Ra1 Qd6 31.Re2 Rd8 32.Rd2 Re7 33.Qc4 f5 34.exf5 Qf6 35.Ne6 Rd5 36.g4 Rxe6
37.fxe6 Qxe6 38.f3 h5 39.h3 Qd6 40.Qe2 c5 41.Qe8+ Kh7 42.Re2 h4 43.Qe4+ Kg8
44.dxc5 Qg3+ 45.Kh1 Rxc5 46.Rd1 Rd5 47.Rde1 Rc5 48.Qe8+ Kh7 49.Qe4+ Kg8  1/2-1/2

[Event "SVK-chT9596"]
[Site "?"]
[Date "1996.??.??"]
[Round "11"]
[White "Safyanovsky, Mark"]
[Black "Lembak, Jurij"]
[Result "1/2-1/2"]
[WhiteElo "2410"]
[BlackElo "2310"]

1.d4 Nf6 2.c4 e6 3.Nf3 b6 4.g3 Ba6 5.b3 Bb4+ 6.Bd2 Be7 7.Bg2 Bb7 8.Nc3 O-O
9.O-O d5 10.Ne5 c6 11.Bf4 Nfd7 12.Nxd7 Nxd7  1/2-1/2

[Event "SWE-chT 9596"]
[Site "?"]
[Date "1996.??.??"]
[Round "?"]
[White "Renman, Nils Gustaf"]
[Black "Akesson, Ralf"]
[Result "0-1"]
[WhiteElo "2375"]
[BlackElo "2505"]

1.d4 Nf6 2.c4 e6 3.Nf3 b6 4.g3 Ba6 5.b3 Bb4+ 6.Bd2 Be7 7.Bg2 Bb7 8.O-O O-O
9.Nc3 Na6 10.Bf4 d5 11.Ne5 Qc8 12.cxd5 exd5 13.Rc1 Rd8 14.Nd3 Qd7 15.Bg5 h6
16.Bxf6 Bxf6 17.Nf4 c6 18.e3 Be7 19.Qh5 Nc7 20.Bh3 Qd6 21.Nd3 Bf6 22.Rfd1 Qe7
23.Bg2 Ne8 24.Nf4 Rac8 25.Rd2 Qf8 26.Qd1 Be7 27.Rdc2 Bd6 28.Rd2 Qe7 29.Qe2 Rc7
30.Qd1 Bxf4 31.gxf4 Qh4 32.Rdc2 Re7 33.Qf3 Nd6 34.Ne2 Re6 35.Ng3 g6 36.Bf1 c5
37.Qd1 c4 38.bxc4 dxc4 39.Bg2 Bxg2 40.Kxg2 b5 41.Qf3 f5 42.Qc6 Qe7 43.Ne2 Rc8
44.Qd5 a6 45.Nc3 Ne8 46.Qf3 Rd8 47.Nb1 Nf6 48.Nd2 Nd5 49.Qh3 Nb4 50.Qxh6 Nxc2
51.Rxc2 Qb7+ 52.Nf3 Rd7 53.Qg5 Qd5 54.Qg3 b4 55.Kg1 b3 56.axb3 cxb3 57.Rc8+ Rd8
58.e4 fxe4 59.Rxd8+ Qxd8 60.Nd2 b2 61.f5 Rb6 62.Kg2 Qd6 63.Qg4 Qxd4 64.fxg6 Kg7  0-1

[Event "SWE-chT 9596"]
[Site "?"]
[Date "1996.??.??"]
[Round "?"]
[White "Svenn, Gosta"]
[Black "Lundin, Anders"]
[Result "1-0"]
[WhiteElo "2385"]
[BlackElo "2270"]

1.d4 Nf6 2.c4 e6 3.Nf3 b6 4.g3 Ba6 5.b3 Bb4+ 6.Bd2 Be7 7.Nc3 c6 8.Bg2 d5
9.O-O O-O 10.Bf4 dxc4 11.bxc4 Nbd7 12.Qa4 Bb7 13.Rfd1 a6 14.e4 b5 15.Qb3 Nb6
16.Ne5 Nfd7 17.Nxd7 Qxd7 18.c5 Nc4 19.Bf1 a5 20.a4 Ba6 21.Rab1 e5 22.axb5 cxb5
23.Nxb5 exf4 24.Bxc4 fxg3 25.hxg3 h5 26.Nc3 Qh3 27.Nd5 Bg5 28.Bxa6 Rxa6 29.Nb6 Re8
30.Qf3 h4 31.e5 Re6 32.Rd3 hxg3 33.Qxg3 Qf5 34.Qf3 Qh7 35.Kf1 f6 36.Rbd1 fxe5
37.d5 Rf6 38.Qg4 Qh2 39.Rf3 Rxf3 40.Qxf3 Bf4  1-0

[Event "EST-ch (Women)"]
[Site "Tallinn"]
[Date "1996.??.??"]
[Round "3"]
[White "Piarnpuu, Leili"]
[Black "Tsiganova, Monika"]
[Result "1/2-1/2"]
[WhiteElo "2245"]
[BlackElo "2280"]

1.d4 Nf6 2.Nf3 e6 3.c4 b6 4.g3 Ba6 5.b3 Bb4+ 6.Bd2 Be7 7.Nc3 d5 8.cxd5 exd5
9.Bg2 O-O 10.O-O Bb7 11.Qc2 c6 12.Nh4 Re8 13.Nf5 Bf8 14.Rad1 Na6 15.Rfe1 Rc8
16.Qb2 Nc7 17.e4 dxe4 18.Nxe4 Nxe4 19.Rxe4 Rxe4 20.Bxe4 Nd5 21.Ne3 Qe7 22.Bg2 g6
23.Rc1 Nb4 24.Bxb4 Qxb4 25.Nc4 Bg7 26.Ne5 Qd6 27.h4 h5 28.Qc3 Rc7 29.f4 Bf8
30.Kh2 c5 31.Bxb7 Rxb7 32.dxc5 Qxc5 33.Qxc5 Bxc5 34.Rd1 Kg7 35.Kg2 Rc7 36.Rc1 Re7
37.Rc2 f6 38.Nf3 Rd7 39.Nd2 f5  1/2-1/2

[Event "Tampere We Taraus op"]
[Site "Tampere"]
[Date "1996.??.??"]
[Round "4"]
[White "Tuominen, Risto"]
[Black "Tolonen, Leo Toivovich"]
[Result "0-1"]
[WhiteElo "2105"]
[BlackElo "2335"]

1.d4 Nf6 2.c4 e6 3.Nf3 b6 4.g3 Ba6 5.Qb3 c6 6.Bg2 d5 7.cxd5 cxd5 8.Bf4 Bd6
9.Ne5 O-O 10.Nc3 Bxe5 11.dxe5 Nfd7 12.Rc1 Nc6 13.Qa3 Bb7 14.Qd6 Rc8 15.O-O a6
16.Bg5 Qc7 17.Qxc7 Rxc7 18.Bxd5 exd5 19.Nxd5 Rcc8 20.f4 Rfe8 21.Rfd1 Kf8
22.Rc3 h6 23.Bh4 b5 24.Ne3 Ncb8 25.Nf5 Rxc3 26.bxc3 g5 27.fxg5 Rxe5 28.g4 hxg5
29.Bg3 Rd5 30.Rf1 Nc6 31.Nd6 Nd8 32.Nf5 Nc5 33.Bd6+ Ke8 34.Bg3 Ne4 35.Bc7 Ne6
36.Ba5 Nf4 37.h4  0-1

[Event "Tampere Elo Taraus op"]
[Site "Tampere"]
[Date "1996.??.??"]
[Round "5"]
[White "Tuominen, Risto"]
[Black "Lampen, Timo"]
[Result "1/2-1/2"]
[WhiteElo "2105"]
[BlackElo "2280"]

1.d4 Nf6 2.c4 e6 3.Nf3 b6 4.g3 Ba6 5.Nbd2 Bb7 6.Bg2 c5 7.O-O cxd4 8.Nxd4 Bxg2
9.Kxg2 Be7 10.e4 Nc6 11.Nxc6 dxc6 12.e5 Nd7 13.f4 Qc7 14.Ne4 Rd8 15.Qg4 O-O
16.Be3 Kh8 17.Rad1 c5 18.Rd2 Nb8 19.Rfd1 Rxd2+ 20.Rxd2 Rd8 21.Qd1 Rxd2+ 22.Nxd2 Qd7
23.Qf3  1/2-1/2

[Event "Tampere Elo Taraus op"]
[Site "Tampere"]
[Date "1996.??.??"]
[Round "7"]
[White "Niemela, Antti"]
[Black "Lampen, Timo"]
[Result "1/2-1/2"]
[WhiteElo "2220"]
[BlackElo "2280"]

1.Nf3 Nf6 2.d4 e6 3.c4 b6 4.g3 Ba6 5.b3 b5 6.cxb5 Bxb5 7.Nc3 Bb4 8.Bd2 Bc6
9.Bg2 a5 10.O-O Bxc3 11.Bxc3 Qc8 12.d5 Bxd5 13.Bxf6 gxf6 14.Qd4 Ke7 15.e4 Bb7
16.e5 fxe5 17.Nxe5 f6 18.Qg4 Kf8 19.Qf4 Ke7 20.Qh6 Qf8 21.Qxf8+ Rxf8 22.Bxb7 Ra7
23.Nxd7 Nxd7 24.Bg2 a4 25.Rac1 axb3 26.axb3 Rb8 27.Rc3 c5 28.Rd1 Rb6 29.Bf1 Rab7
30.Bc4 Ne5 31.Re1  1/2-1/2

[Event "Tel Aviv Cup rapid"]
[Site "Tel Aviv"]
[Date "1996.??.??"]
[Round "2"]
[White "Huzman, Alexander"]
[Black "Kaspi, Alexander"]
[Result "0-1"]
[WhiteElo "2570"]
[BlackElo "2475"]

1.Nf3 Nf6 2.c4 e6 3.d4 b6 4.g3 Ba6 5.Nbd2 Bb4 6.Qb3 c5 7.a3 Ba5 8.Bg2 O-O
9.O-O d5 10.Qa4 Bxd2 11.Nxd2 cxd4 12.cxd5 Nxd5 13.Qxd4 Bxe2 14.Re1 Nc6 15.Qa4 b5
16.Qe4 Bh5 17.Nb3 Qf6 18.g4 Bg6 19.Qf3 Qxf3 20.Bxf3 Bc2 21.Bd1 Bxd1 22.Rxd1 Ne5
23.h3 Rac8 24.Nd4 a6 25.f4 Nc4 26.f5 Nce3 27.Bxe3 Nxe3 28.Re1 Nc2 29.Nxc2 Rxc2
30.fxe6 fxe6 31.Rxe6 Rff2 32.Rd1 h6 33.Rd7 Rg2+ 34.Kh1 Rh2+ 35.Kg1 Rcg2+
36.Kf1 Rxb2  0-1

[Event "Toulouse"]
[Site "Toulouse"]
[Date "1996.??.??"]
[Round "9"]
[White "Kinsman, Andrew PH"]
[Black "Lepelletier, Benoit"]
[Result "0-1"]
[WhiteElo "2400"]
[BlackElo "2460"]

1.d4 Nf6 2.c4 e6 3.Nf3 b6 4.g3 Ba6 5.Nbd2 Bb7 6.Bg2 c5 7.e4 cxd4 8.e5 Ne4
9.O-O Nxd2 10.Bxd2 Qc7 11.Bf4 Bc5 12.Nxd4 Bxg2 13.Kxg2 O-O 14.h4 f6 15.exf6 e5
16.Nb5 Qc6+ 17.Qd5+ Qxd5+ 18.cxd5 exf4 19.Nc7 gxf6 20.Rac1 Bd6 21.Nxa8 Na6
22.Nxb6 axb6 23.gxf4 Bxf4 24.Rc4 Bd6 25.Rd1 b5 26.Rcc1 Ra8 27.Kf3 Kf7 28.a3 Nc5
29.Rc3 h5 30.Rdc1 Na4 31.Rc8 Rxc8 32.Rxc8 Nxb2 33.Rd8 Ke7 34.Rh8 Bxa3 35.Rxh5 Nc4
36.Rh7+ Kd6 37.h5 b4 38.h6 b3 39.Rh8 Kc7 40.h7 b2 41.Re8 Ne5+ 42.Kg2 Nf7
43.Re1 Kd6 44.Rd1 Bb4 45.Kg3 f5 46.Rb1 Bc3 47.Kf4 Kxd5 48.Kxf5 Kc4  0-1

[Event "CRO-chT"]
[Site "Tucepi"]
[Date "1996.??.??"]
[Round "?"]
[White "Nikolac, Juraj"]
[Black "Kovacevic, Vlatko"]
[Result "1/2-1/2"]
[WhiteElo "2465"]
[BlackElo "2445"]

1.d4 Nf6 2.c4 e6 3.Nf3 b6 4.g3 Ba6 5.b3 Bb4+ 6.Bd2 Be7 7.Bg2 c6 8.O-O d5
9.Bc3 O-O 10.Nbd2 Nbd7 11.Re1 c5 12.e4 Nxe4 13.Nxe4 dxe4 14.Rxe4 Bb7 15.Re2 Bf6
16.Rd2 Qe7 17.Qc2  1/2-1/2

[Event "CRO-chT"]
[Site "Tucepi"]
[Date "1996.??.??"]
[Round "?"]
[White "Dizdar, Goran"]
[Black "Sax, Gyula"]
[Result "1/2-1/2"]
[WhiteElo "2525"]
[BlackElo "2560"]

1.d4 Nf6 2.Nf3 e6 3.c4 b6 4.g3 Ba6 5.Nbd2 Bb4 6.Qa4 c5 7.a3 Bxd2+ 8.Bxd2 Bb7
9.Bg2 cxd4 10.O-O Bc6 11.Qd1 Bxf3 12.Bxf3 Nc6 13.Bf4 O-O 14.Bd6 Re8 15.Bxc6 dxc6
16.Qxd4 c5 17.Qf4 Nh5 18.Qe5 f6 19.Qxh5 Qxd6 20.Rfd1 Qe7 21.Rd3 Rad8 22.Rad1 Rxd3
23.Rxd3 Rd8 24.Qf3 Rxd3 25.Qxd3 g6  1/2-1/2

[Event "CRO-chT"]
[Site "Tucepi"]
[Date "1996.??.??"]
[Round "?"]
[White "Petek Medic, Mirjana"]
[Black "Roschina, Tatiana"]
[Result "1-0"]
[WhiteElo "2320"]
[BlackElo "2315"]

1.d4 Nf6 2.Nf3 e6 3.c4 b6 4.g3 Ba6 5.b3 d5 6.cxd5 exd5 7.Bg2 Bb4+ 8.Bd2 Bxd2+
9.Qxd2 O-O 10.Nc3 Qe7 11.Ne5 Bb7 12.O-O c5 13.e3 Rd8 14.Rac1 Nc6 15.Nxc6 Bxc6
16.Rfd1 Rac8 17.Qb2 Qb7 18.Rd2 Rc7 19.Rcd1 Rcd7 20.Bh3 Rd6 21.Qc2 Qe7 22.Bg2 Qd7
23.dxc5 bxc5 24.Ne2 d4 25.Bxc6 Rxc6 26.exd4 Rd6 27.d5 Qh3 28.Nf4 Qg4 29.Re1 g5
30.Ng2 Rxd5 31.Rxd5 Rxd5 32.Ne3 Qe6 33.Qc3 Re5 34.Rd1 Ne4 35.Rd8+ Kg7 36.Qb2 Qf6
37.Ng4 Qxd8 38.Qxe5+ f6 39.Qxe4 Qd1+ 40.Kg2  1-0

[Event "CRO-chT"]
[Site "Tucepi"]
[Date "1996.??.??"]
[Round "?"]
[White "Horvath, Csaba"]
[Black "Lalic, Bogdan"]
[Result "1/2-1/2"]
[WhiteElo "2540"]
[BlackElo "2575"]

1.d4 Nf6 2.c4 e6 3.Nf3 b6 4.g3 Ba6 5.b3 b5 6.cxb5 Bxb5 7.Bg2 Bb4+ 8.Bd2 a5
9.Nc3 Bc6 10.O-O O-O 11.a3 Bxc3 12.Bxc3 Qc8 13.Ne5 Bxg2 14.Kxg2 Nd5  1/2-1/2

[Event "Ubeda op"]
[Site "Ubeda"]
[Date "1996.??.??"]
[Round "?"]
[White "Izeta Txabarri, Felix"]
[Black "Aseev, Konstantin N"]
[Result "1/2-1/2"]
[WhiteElo "2470"]
[BlackElo "2530"]

1.d4 Nf6 2.Nf3 e6 3.c4 b6 4.g3 Ba6 5.b3 Bb4+ 6.Bd2 Be7 7.Bg2 Bb7 8.Nc3 d5
9.Ne5 Nbd7 10.O-O O-O 11.cxd5 exd5 12.Rc1 Re8 13.Bf4 c6 14.Re1 Nf8 15.e4 Ne6
16.Be3 Ba3 17.Rc2 Bb4 18.exd5 cxd5 19.Nd3 Bf8 20.Ne5 Bb4 21.Nd3 Bf8 22.Ne5 Bb4  1/2-1/2

[Event "Valkeakoski We ValkS"]
[Site "Valkeakoski"]
[Date "1996.??.??"]
[Round "5"]
[White "Taivainen, Jukka"]
[Black "Tolonen, Leo Toivovich"]
[Result "1-0"]
[WhiteElo "2270"]
[BlackElo "2335"]

1.d4 Nf6 2.c4 e6 3.Nf3 b6 4.g3 Ba6 5.b3 Bb4+ 6.Bd2 Be7 7.Bg2 c6 8.Bc3 d5
9.Ne5 Nfd7 10.Nxd7 Nxd7 11.Nd2 f5 12.O-O O-O 13.Bb2 b5 14.Qc2 bxc4 15.bxc4 Nb6
16.c5 Nd7 17.Rfe1 Qc7 18.Nf3 Bf6 19.Bc1 Rae8 20.Bf4 e5 21.dxe5 Nxe5 22.Rab1 Nxf3+
23.Bxf3 Be5 24.Bxe5 Qxe5 25.Qa4 Bb5 26.Qxa7 Ra8 27.Qd7 Rfd8 28.Qb7 Rxa2 29.Rxb5 cxb5
30.Rc1 Kf8 31.c6 Raa8 32.c7 Rdc8 33.Bxd5 Qb2 34.Qc6 Qa3 35.Rc3 Qb4 36.Qe6  1-0

[Event "Vantaa We op4"]
[Site "Vantaa"]
[Date "1996.??.??"]
[Round "5"]
[White "Taivainen, Jukka"]
[Black "Sammalvuo, Tapani"]
[Result "0-1"]
[WhiteElo "2270"]
[BlackElo "2325"]

1.d4 Nf6 2.c4 e6 3.Nf3 b6 4.g3 Ba6 5.b3 Bb4+ 6.Bd2 Be7 7.Nc3 O-O 8.e4 d5
9.cxd5 Bxf1 10.Kxf1 exd5 11.e5 Ne4 12.Qe2 Nxc3 13.Bxc3 Qd7 14.Kg2 Nc6 15.Rhe1 Nd8
16.Rad1 Ne6 17.Ng1 Rae8 18.f4 f5 19.Nf3 a5 20.h4 h5 21.a4 Rb8 22.Ra1 g6 23.Red1 Rfc8
24.Qd2 Rb7 25.Rab1 Bd8 26.Rb2 Rcb8 27.Qe1 Kf7 28.Rc2 Qe8 29.Rdc1 Qd7 30.Bd2 Be7
31.Rc6 Kg7 32.Qe2 Kh7 33.Qb5 Nd8 34.e6 Qc8 35.R6c2 c5 36.dxc5 bxc5 37.Qe8 Qc6
38.Qxc6 Nxc6 39.Rxc5 Bxc5 40.Rxc5 Ne7 41.Nd4 Rc8 42.Rxa5 Kg7 43.Kf2 Kf6 44.Ra6 Kg7
45.Ke2 Kf8 46.Kd3 Ng8 47.Nb5 Nf6 48.Bb4+ Kg8 49.e7 Ne4 50.Rxg6+ Kf7 51.Rh6 Kg7
52.Re6 Kf7 53.Re5 Re8 54.Rxf5+ Ke6 55.Re5+ Kf7 56.Rxd5 Nf2+ 57.Kd4 Kf6 58.Rxh5 Rd7+
59.Rd5 Rb7 60.a5 Ra8 61.Kc4 Ne4 62.Re5 Rc8+ 63.Kd4 Nxg3 64.a6 Rd7+ 65.Nd6 Re8
66.Rg5 Ne2+ 67.Kc5 Rexe7 68.Re5 Rxe5+ 69.fxe5+ Kxe5 70.Kb6 Nf4 71.a7 Nd5+
72.Kc6 Rc7+ 73.Kb5 Rxa7 74.Nc4+ Ke6 75.Bc3 Rh7 76.b4 Rxh4 77.Nb6 Nxc3+ 78.Kc6 Rh1
79.Na8 Na4 80.Nc7+ Ke5 81.Kb5 Nc3+ 82.Kc4  0-1

[Event "Vendrell op"]
[Site "Vendrell"]
[Date "1996.??.??"]
[Round "6"]
[White "Garcia Ilundain, David"]
[Black "Roeder, Mathias"]
[Result "1/2-1/2"]
[WhiteElo "2550"]
[BlackElo "2445"]

1.d4 Nf6 2.Nf3 e6 3.c4 b6 4.g3 Ba6 5.b3 Bb4+ 6.Bd2 Bxd2+ 7.Nbxd2 Bb7 8.Bg2 O-O
9.O-O c5 10.Qc2 cxd4 11.Nxd4 Bxg2 12.Kxg2 Nc6 13.Nxc6 dxc6 14.Rfd1 Qe7 15.Ne4 c5
16.Nc3 Rfd8 17.f3 Rxd1 18.Rxd1 Rd8 19.Rd3 h6 20.Qd2 Rxd3 21.Qxd3 a6 22.h3 Qc7
23.f4 Kf8 24.Qf3 Qd8 25.Qd3 Qc7 26.Kf2 h5 27.Ne4 Nxe4+ 28.Qxe4 Qd8 29.Qd3 Ke7
30.Qxd8+ Kxd8 31.g4 hxg4 32.hxg4 Ke7 33.Kg3 f5 34.gxf5 exf5 35.Kh4 Kf6 36.Kh5 b5
37.a3 b4 38.a4 a5 39.e3 Kf7 40.Kg5  1/2-1/2

[Event "Vienna op-B"]
[Site "Vienna"]
[Date "1996.??.??"]
[Round "2"]
[White "Kummer, Helmut"]
[Black "Jaracz, Pawel"]
[Result "0-1"]
[WhiteElo "2300"]
[BlackElo "2395"]

1.d4 Nf6 2.c4 e6 3.Nf3 b6 4.g3 Ba6 5.b3 b5 6.Bg2 bxc4 7.Nfd2 Nc6 8.Nxc4 d5
9.O-O Be7 10.Nb2 O-O 11.Nc3 Na5 12.Nca4 Bb5 13.Bf4 Nb7 14.Rc1 Rc8 15.b4 c6
16.Nc5 Nxc5 17.bxc5 Nd7 18.a4 Ba6 19.Nd3 Re8 20.Re1 g5 21.Be3 Qc7 22.Qd2 h6
23.Nb4 Bb7 24.a5 Rb8 25.h4 f6 26.hxg5 hxg5 27.Bh3 Nf8 28.Kg2 Bc8 29.Rb1 Rb5
30.Rb2 a6 31.Ra1 Ng6 32.Nd3 Rxb2 33.Qxb2 f5 34.Kg1 f4 35.gxf4 gxf4 36.Bd2 e5
37.Bxc8 Qxc8 38.dxe5 Qg4+ 39.Kf1 Qh3+ 40.Kg1 Rf8 41.Ra3 Rf5 42.Nxf4 Rg5+
43.Rg3 Rxg3+ 44.fxg3 Qxg3+ 45.Kh1 Nxf4 46.Qb8+ Bf8 47.Bxf4 Qxf4 48.Kg2 Qc4
49.Kf3 Qc3+ 50.Kg2 Qxc5 51.Qe8 Qe3 52.Kf1 Qf4+ 53.Kg2 Qe4+ 54.Kf1 Qf5+ 55.Ke1 Kg7
56.e3 Qf3 57.Qd7+ Kh8 58.Qc8 Qxe3+ 59.Kd1 Qf3+ 60.Kc2 d4 61.Qxa6 Qc3+ 62.Kd1 Qb3+  0-1